|
|
|
|
| LEADER |
00000nam a22000005a 4500 |
| 001 |
618 |
| 003 |
CL-ChBUA |
| 005 |
20120815102709.0 |
| 008 |
070301s1958 ag 000 0 spa |
| 040 |
|
|
|a CL-ChBUA
|c CL-ChBUA
|
| 082 |
0 |
0 |
|a 100
|
| 090 |
|
|
|c 618
|d 618
|
| 100 |
1 |
|
|a Serú Videla de Leal, Alicia.
|
| 245 |
1 |
0 |
|a Manual de nociones de filosofía :
|b para 5º año de colegios nacionales y liceos de señoritas
|
| 260 |
|
|
|b Estrada.
|c 1958.
|
| 300 |
|
|
|a 230 p.
|c 23 cm.
|
| 650 |
|
4 |
|a FILOSOFIA.
|
| 942 |
|
|
|c LIB
|
| 952 |
|
|
|0 0
|1 0
|4 0
|7 0
|9 753
|a UNACH
|b UNACH
|c 100
|d 2007-03-05
|i 9.518.
|l 0
|o 100 / Se 489.
|p 1752
|r 2018-09-10 00:00:00
|u 753
|w 2012-08-08
|y LIB
|k 100 / Se 489.
|
| 999 |
|
|
|c 618
|d 618
|